<?xml version="1.0" encoding="UTF-8"?>
<collection xmlns="http://www.loc.gov/MARC21/slim">
 <record>
  <leader>00949cam a2200289 7i4500</leader>
  <controlfield tag="001">0000058281</controlfield>
  <controlfield tag="005">20240508090000.0</controlfield>
  <controlfield tag="007">  Monographs</controlfield>
  <controlfield tag="008">240508          eng</controlfield>
  <datafield tag="020" ind1=" " ind2=" ">
   <subfield code="a">9781266283536  (pbk.) </subfield>
  </datafield>
  <datafield tag="040" ind1=" " ind2=" ">
   <subfield code="a">TSAM</subfield>
  </datafield>
  <datafield tag="090" ind1="0" ind2="0">
   <subfield code="a">HA29 </subfield>
   <subfield code="b">LIN 2024</subfield>
  </datafield>
  <datafield tag="100" ind1="1" ind2=" ">
   <subfield code="a">Lind, Douglas A. </subfield>
   <subfield code="e">author </subfield>
  </datafield>
  <datafield tag="245" ind1="1" ind2="0">
   <subfield code="a">Statistical techniques in business and economics  </subfield>
   <subfield code="c">Douglas A. Lind, William G. Marchal and Samuel A. Wathen.</subfield>
  </datafield>
  <datafield tag="250" ind1=" " ind2=" ">
   <subfield code="a">Nineteenth Edition.</subfield>
  </datafield>
  <datafield tag="264" ind1=" " ind2="4">
   <subfield code="a">New York: </subfield>
   <subfield code="b">McGraw Hill, </subfield>
   <subfield code="c">2024.</subfield>
  </datafield>
  <datafield tag="300" ind1=" " ind2=" ">
   <subfield code="a">xxvi, 874 pages: </subfield>
   <subfield code="b">colour illustrations; </subfield>
   <subfield code="c">26 cm.</subfield>
  </datafield>
  <datafield tag="336" ind1=" " ind2=" ">
   <subfield code="a">text</subfield>
   <subfield code="2">rdacontent</subfield>
  </datafield>
  <datafield tag="337" ind1=" " ind2=" ">
   <subfield code="a">unmediated</subfield>
   <subfield code="2">rdamedia</subfield>
  </datafield>
  <datafield tag="338" ind1=" " ind2=" ">
   <subfield code="a">volume</subfield>
   <subfield code="2">rdacarrier</subfield>
  </datafield>
  <datafield tag="501" ind1="0" ind2="0">
   <subfield code="a">BBUSLS</subfield>
  </datafield>
  <datafield tag="650" ind1="1" ind2="0">
   <subfield code="a">Commercial statistics </subfield>
  </datafield>
  <datafield tag="650" ind1="1" ind2="0">
   <subfield code="a">Social sciences -- </subfield>
   <subfield code="x">Statistical methods </subfield>
  </datafield>
  <datafield tag="650" ind1="1" ind2="0">
   <subfield code="a">Economics -- </subfield>
   <subfield code="x">Statistical methods </subfield>
  </datafield>
  <datafield tag="700" ind1="1" ind2=" ">
   <subfield code="a">Marchal, William G. </subfield>
  </datafield>
  <datafield tag="700" ind1="1" ind2=" ">
   <subfield code="a">Wathen, Samuel A. </subfield>
  </datafield>
  <datafield tag="856" ind1=" " ind2=" ">
   <subfield code="u">https://www.mheducation.com/highered</subfield>
  </datafield>
 </record>
</collection>
